| 000 | 03301 a2200349 4500 | ||
|---|---|---|---|
| 001 | 23994621 | ||
| 003 | 000 | ||
| 005 | 20251017145430.0 | ||
| 008 | 250116s2025 flu b 001 0 eng | ||
| 010 | _a 2025001729 | ||
| 020 | _a9781032379357 | ||
| 035 | _a23994621 | ||
| 040 |
_aDNLM/DLC _beng _erda _cDLC _dDLC |
||
| 042 | _apcc | ||
| 050 | 0 | 0 | _aTJ 163.25 .L43 |
| 082 | 0 | 0 |
_a153 _223/eng/20250408 |
| 100 | 1 |
_aLeite, Diego Azevedo, _d1986- _eauthor. |
|
| 245 | 1 | 0 |
_aContemporary theories of human cognition / _cDiego Azevedo Leite. |
| 264 | 1 |
_aBoca Raton : _bCRC Press, _c2025. |
|
| 300 |
_axxi, 179 pages ; _c24 cm |
||
| 336 |
_atext _btxt _2rdacontent |
||
| 337 |
_aunmediated _bn _2rdamedia |
||
| 338 |
_avolume _bnc _2rdacarrier |
||
| 504 | _aIncludes bibliographical references and index. | ||
| 505 | 0 | _aMolecular and Cellular Theory of Human Cognition -- Mechanistic Theory of Human Cognition -- Dynamical Systems Theory of Human Cognition -- 4E Theory of Human Cognition -- Computational Theory of Human Cognition -- Representational Theory of Human Cognition. | |
| 520 |
_a"The main goal of this book is to present, in an organized and systematic form, contemporary major theories of human cognition, which are currently defended by many groups of research in fields such as psychology/ cognitive science and cognitive neuroscience. These theories provide the foundations for their related research programs and many of their central elements have been vigorously debated in the specialized literature. All theories will be presented following this structure: 1 origins, context and the central idea; 2 central elements of the theory; 3 major criticism received. Organizing such theories together in a book can be extremely helpful for promoting the dialog and debates in the related scientific and philosophical areas, since the reader will be able to see more precisely the general differences between them and how they can be related to each other. By looking to the foundations of these theories and their central theoretical elements, one can compare them systematically and decide which one is perhaps the best theory currently available or the most promising to be further developed. Additionally, this book can be very helpful for promoting debates on the issue of theoretical pluralism, integration and unification in the field of psychology/ cognitive science - an issue that is central, but also very complex and difficult, given the traditional fragmentation and theoretical diversity found in the field. Finally, this original project of systematically relating these particular theories can offer some theoretical clarity especially to the fields of psychology/ cognitive science and cognitive neuroscience, and, consequently, provide some useful theoretical guidance to academic and practical professionals and students as well"-- _cProvided by publisher. |
||
| 650 | 1 | 2 |
_a _2 _v _xMechatronics. |
| 651 |
_2Cognitive robotics. _vHuman-machine systems. |
||
| 906 |
_a7 _bcbc _corignew _d1 _eecip _f20 _gy-gencatlg |
||
| 942 |
_2lcc _cBK |
||
| 999 |
_c43911 _d43911 |
||